00510nam a2200193 a 4500001001300000003000900013005001700022008004100039020001000080082001600090100001400106245004100120260005000161300000900211500003500220505001800255650002900273700001400302nice12345678IN_TiNIC20260116011253.0050524s1963 cama grp 000 0 eng  ac10000a227.94bDOD aDodd, C H aInterpretation of the Fourth Gospel. aCambridge bCambridge University Press c1963 a478p aincludes index and biblioraphy2 aIndex Nominvm aBible N.T. Epistles John1 aDodd, C H